| 000 | 01326cam a2200229 4500 | ||
|---|---|---|---|
| 001 | ##L130293 | ||
| 008 | 050712n1999 000 0 eng u | ||
| 020 | _a0748740066 | ||
| 035 | _a(Sirsi) u130293 | ||
| 041 | 0 | _aeng | |
| 050 | 0 | 4 | _a526.982 $2 18 |
| 100 | 1 | _aBarrett, E. C. | |
| 245 | 0 | 0 | _aIntroduction to environmental remote sensing |
| 250 | _a4th ed. | ||
| 260 | 3 |
_aCheltenham _bStanley Thornes _c1999 |
|
| 300 |
_axxi, 457p. _c25cm. |
||
| 350 | _a35 | ||
| 520 | _aTakes a detailed but non-mathematical approach to the two broad areas of principles and applications of remote sensing. Also examines the physical principles on which remote sensing is based, equipment, techniques and data analysis before progressing to the application of remote sensing to both physical phenomena and events, to human activities and man-made landscapes. Uses examples of environmental remote sensing around the world and includes significant advances in the availability, uses and interpretation of microwave satellite data; the implications of the internet; scientific and commercial uses of remote sensing data; and continued evolution of satellite and sensor plans for the future. | ||
| 690 | _aENVIRONMENTAL AND LAND CONSULTANCY-GEOMATICS-PHOTOGRAMMETRY AND REMOTE SENSING | ||
| 700 | 1 | _aCurtis, Leonard C. | |
| 942 | _n0 | ||
| 999 |
_c104431 _d104431 |
||